[Event "O pohár města Říčany 2017"]
[Site "Kulturni centrum Labut, 17. Listopadu 214 25101 Ricany"]
[Date "2017.08.29"]
[Round "5.9"]
[White "Janacek, Jaroslav"]
[Black "Svatos, Jan"]
[Result "1-0"]
[WhiteElo "2019"]
[BlackElo "2310"]
[PlyCount "0"]
[EventDate "2017.08.26"]

1. Nf3 b5 2. e4 Bb7 3. Bxb5 Bxe4 4. Nc3 Bb7 5. O-O Nf6 6. d4 e6 7. Re1 Be7
8. Ng5 O-O 9. Nce4 Nxe4 10. Nxe4 f5 11. Nc5 Bxc5 12. dxc5 f4 13. Qg4 Qf6 14. Bd2
Qxb2 15. Bd3 Qf6 16. Rab1 Bd5 17. c4 Bc6 18. Rb3 e5 19. Bc3 d6 20. cxd6 cxd6
21. c5 Nd7 22. cxd6 Rab8 23. Bc4+ Kh8 24. Be6 Nc5 25. Bxe5 Qh6 26. Rxb8 Rxb8
27. d7 Rd8 28. Bxf4 Qf6 29. Be5 Qe7 30. Bd5 {DALE NECITELNE} 1-0

[Event "O pohár města Říčany 2017"]
[Site "Kulturni centrum Labut, 17. Listopadu 214 25101 Ricany"]
[Date "2017.08.29"]
[Round "5.10"]
[White "Skokan, Frantisek"]
[Black "Hollan, Martin"]
[Result "0-1"]
[WhiteElo "1933"]
[BlackElo "2233"]
[PlyCount "0"]
[EventDate "2017.08.26"]

1. d4 Nf6 2. c4 e6 3. Nf3 Bb4+ 4. Bd2 Qe7 5. a3 Bxd2+ 6. Nbxd2 d6 7. e3 e5
8. Be2 e4 9. Ng1 O-O 10. h4 c5 11. d5 Nbd7 12. Nh3 Ne5 13. Nf4 Bf5 14. Nf1 Ng6
15. g4 Bd7 16. h5 Ne5 17. g5 Nfg4 18. Ng3 f5 19. gxf6 Nxf6 20. Rg1 Kh8 21. Qc2
Neg4 22. Rg2 a6 23. Kd2 b5 24. Rag1 Nh6 25. Nf1 Rf7 26. Rg5 bxc4 27. Bxc4 Nfg4
28. Rg6 Rxf4 29. exf4 hxg6 30. f3 exf3 31. Qxg6 Qf6 0-1

[Event "O pohár města Říčany 2017"]
[Site "Kulturni centrum Labut, 17. Listopadu 214 25101 Ricany"]
[Date "2017.08.29"]
[Round "5.11"]
[White "Gregor, Jiri"]
[Black "Bares, Jachym"]
[Result "1-0"]
[WhiteElo "2210"]
[BlackElo "1989"]
[PlyCount "0"]
[EventDate "2017.08.26"]

1. d4 Nf6 2. c4 g6 3. Nf3 Bg7 4. g3 d5 5. cxd5 Nxd5 6. Bg2 O-O 7. O-O c6 8. e4
Nb6 9. h3 f5 10. Qb3+ Kh8 11. Ne5 Qe8 12. exf5 Rxf5 13. Nc3 N8d7 14. f4 Nxe5
15. dxe5 Qf7 16. Qxf7 Rxf7 17. b3 Be6 18. Ne4 Bd5 19. Be3 Rd8 20. Ng5 Rff8
21. Bxb6 axb6 22. Bxd5 Rxd5 23. Ne6 Rc8 24. Rfd1 Kg8 25. Rac1 Rxd1+ 26. Rxd1 Kf7
27. Ng5+ Ke8 28. Nxh7 b5 29. Ng5 Bh8 30. Kf2 Ra8 31. Rd2 b4 32. Ke3 Ra5 33. Ke4
Rc5 34. Rd8+ Kxd8 35. Ne6+ 1-0

[Event "O pohár města Říčany 2017"]
[Site "Kulturni centrum Labut, 17. Listopadu 214 25101 Ricany"]
[Date "2017.08.29"]
[Round "5.12"]
[White "Laurincova, Kristyna"]
[Black "Haba, Zdenek"]
[Result "1/2-1/2"]
[WhiteElo "1854"]
[BlackElo "2207"]
[PlyCount "0"]
[EventDate "2017.08.26"]

1. e4 c5 2. Nf3 e6 3. d4 cxd4 4. Nxd4 a6 5. Nc3 b5 6. Bd3 Bb7 7. O-O Qc7 8. Qe2
d6 9. f4 Nf6 10. Kh1 Nbd7 11. Bd2 Be7 12. a4 bxa4 13. Rxa4 Nc5 14. Raa1 Nxd3
15. Qxd3 O-O 16. Nb3 d5 17. e5 Ne4 18. Nxe4 dxe4 19. Qg3 Qxc2 20. Rfc1 Qd3
21. Qxd3 exd3 22. Rc7 Bd5 23. Nc1 Bd8 24. Rc3 f6 25. Nxd3 g5 26. fxg5 fxe5
27. Be3 Rf5 28. h4 h6 29. Ra4 e4 30. Nf2 hxg5 31. hxg5 Bxg5 32. Nxe4 1/2-1/2

[Event "O pohár města Říčany 2017"]
[Site "Kulturni centrum Labut, 17. Listopadu 214 25101 Ricany"]
[Date "2017.08.29"]
[Round "5.13"]
[White "Mladek, Richard"]
[Black "Kunc, Jan"]
[Result "1-0"]
[WhiteElo "2160"]
[BlackElo "1937"]
[PlyCount "0"]
[EventDate "2017.08.26"]

1. e4 c5 2. Nf3 Nc6 3. d4 cxd4 4. Nxd4 Nf6 5. Nc3 e5 6. Ndb5 d6 7. Bg5 a6
8. Na3 b5 9. Nd5 Be7 10. Bxf6 Bxf6 11. c4 b4 12. Nc2 a5 13. g3 O-O 14. Bg2 Bg5
15. O-O Be6 16. Qd3 Ne7 17. f4 Bxd5 18. fxg5 Be6 19. Rad1 Qb6+ 20. Kh1 Rac8
21. b3 Rc6 22. Ne3 Ra8 23. Nf5 Nc8 24. Qf3 a4 25. Nxg7 Kxg7 26. Qf6+ Kg8 27. Bh3
Ra7 28. Bxe6 Qc7 29. g6 hxg6 30. Qxg6+ Kf8 31. Qh6+ Ke8 32. Qh8+ Ke7 33. Rxf7+
1-0

[Event "O pohár města Říčany 2017"]
[Site "Kulturni centrum Labut, 17. Listopadu 214 25101 Ricany"]
[Date "2017.08.29"]
[Round "5.14"]
[White "Nehyba, Martin"]
[Black "Kaplan, Daniel"]
[Result "1/2-1/2"]
[WhiteElo "1875"]
[BlackElo "2057"]
[PlyCount "0"]
[EventDate "2017.08.26"]

1. e4 e5 2. Nf3 Nc6 3. Bb5 f5 4. d3 Nf6 5. exf5 Ne7 6. O-O c6 7. Bc4 d5 8. Bb3
e4 9. dxe4 Nxe4 10. Re1 Bxf5 11. Nd4 Bg6 12. f3 Nc5 13. Bg5 Qd6 14. Qe2 Kd7
15. Nc3 Nf5 16. Nxf5 Bxf5 17. Rad1 Nxb3 18. axb3 Be6 19. Ne4 Qe5 20. Be3 b6
21. Bd4 Qf5 22. Qa6 Kc7 23. Ng3 Qf7 24. Be5+ Kd8 25. Ne4 h6 26. Kh1 Qd7 27. Bg3
Be7 28. Be5 Rg8 29. Qe2 Bf7 30. f4 Kc8 31. Ng3 Bh4 32. Qa6+ Qb7 33. Qxb7+ Kxb7
34. Nf5 Bxe1 35. Nd6+ Kc7 36. Nxf7+ Kd7 37. Rxe1 Rae8 38. Nd6 Re6 39. Ra1 a5
40. Nf5 g5 41. g3 c5 42. Ne3 Kc6 43. c3 1/2-1/2

[Event "O pohár města Říčany 2017"]
[Site "Kulturni centrum Labut, 17. Listopadu 214 25101 Ricany"]
[Date "2017.08.29"]
[Round "5.15"]
[White "Hadzala, Daniel"]
[Black "Otruba, Marek"]
[Result "1-0"]
[WhiteElo "2116"]
[BlackElo "1937"]
[PlyCount "0"]
[EventDate "2017.08.26"]

1. Nf3 d5 2. g3 c5 3. Bg2 Nc6 4. O-O e5 5. d3 Nf6 6. Nbd2 Be7 7. e4 O-O 8. c3
dxe4 9. dxe4 h6 10. Re1 Be6 11. Bf1 Qc7 12. Qc2 a6 13. Bc4 b5 14. Bxe6 fxe6
15. Nh4 Ng4 16. f3 Bxh4 17. fxg4 Be7 18. Kg2 c4 19. Nf3 Na5 20. g5 hxg5 21. Nxg5
Rf6 22. Be3 Nb7 23. Qe2 Bc5 24. Qh5 Rh6 25. Qg4 Re8 26. Re2 Bxe3 27. Rxe3 Nc5
28. Rf1 Rg6 29. Qh5 Qd7 30. Qh7# 1-0

[Event "O pohár města Říčany 2017"]
[Site "Kulturni centrum Labut, 17. Listopadu 214 25101 Ricany"]
[Date "2017.08.29"]
[Round "5.16"]
[White "Zvolensky, David"]
[Black "Krivanek, Vladimir"]
[Result "1/2-1/2"]
[WhiteElo "1894"]
[BlackElo "2107"]
[PlyCount "0"]
[EventDate "2017.08.26"]

1. e4 e6 2. d4 d5 3. Nd2 a6 4. Ngf3 Nf6 5. Bd3 c5 6. exd5 exd5 7. dxc5 Bxc5
8. Nb3 Bd6 9. Qe2+ Qe7 10. Qxe7+ Bxe7 11. Bf4 O-O 12. O-O-O Nc6 13. Rhe1 Re8
14. h3 Nb4 15. a3 Nxd3+ 16. Rxd3 Bf5 17. Rde3 Ne4 18. Nfd4 Bg6 19. f3 Bd6
20. Bxd6 Nxd6 21. Nc5 Rxe3 22. Rxe3 Rc8 23. Nd7 Re8 24. Rxe8+ Nxe8 25. Nb6 Nc7
26. Nb3 Kf8 27. Nc5 Ke7 28. Nxb7 h5 29. h4 Bf5 30. c4 dxc4 31. Nxc4 Bd3 32. Ne3
Bb5 33. Nc5 Kf6 34. Kd2 Ke5 35. g3 Bc6 36. f4+ Kd4 37. b4 g6 38. a4 f6 39. Nxa6
Nxa6 40. b5 Bb7 41. bxa6 Bxa6 42. f5 gxf5 43. Nxf5+ Ke4 44. Ng7 f5 45. Nxh5 Kf3
46. a5 Kg4 47. Ng7 f4 48. gxf4 Kxf4 49. Kc3 Kg4 50. Kb4 Kxh4 51. Ne6 Kg4 52. Nc7
Bb7 53. Kc5 Kf5 54. Kb6 Bc8 55. Na6 Be6 56. Nc7 Bc8 57. Nb5 Ke5 58. Na7 Bg4
59. a6 Kd6 60. Nc8+ Kd7 61. Kb7 Bf3+ 62. Kb8 Kc6 63. a7 Kb5 64. Nd6+ Ka6 65. Nc4
1/2-1/2

[Event "O pohár města Říčany 2017"]
[Site "Kulturni centrum Labut, 17. Listopadu 214 25101 Ricany"]
[Date "2017.08.29"]
[Round "5.17"]
[White "Kylar, Miroslav"]
[Black "Vystrcil, Martin"]
[Result "1/2-1/2"]
[WhiteElo "1899"]
[BlackElo "2038"]
[PlyCount "0"]
[EventDate "2017.08.26"]

1. d4 Nf6 2. Bf4 g6 3. e3 Bg7 4. Nf3 d6 5. Be2 O-O 6. h3 b6 7. O-O Bb7 8. c4
Nbd7 9. Nc3 Ne4 10. Nxe4 Bxe4 11. Nd2 Bb7 12. Bf3 Bxf3 13. Nxf3 e5 14. Bh2 Qe7
15. dxe5 Nxe5 16. Nxe5 dxe5 17. Qc2 Rfd8 18. Rad1 Qc5 19. b3 f5 20. Rxd8+ Rxd8
21. Rd1 Rd6 22. Rxd6 Qxd6 23. f3 Kf7 24. Kf1 Ke6 25. e4 f4 26. Bg1 Bf8 27. Ke2
c6 28. Bf2 Be7 29. Be1 Qa3 30. Bf2 Bc5 31. Be1 Bd4 32. g4 g5 33. h4 h6 34. h5 a5
35. Bf2 Bxf2 36. Kxf2 Qc5+ 37. Kg2 b5 38. Qd3 bxc4 39. bxc4 Qe3 40. Qd1 a4
41. c5 Qxc5 42. Qxa4 Qc3 43. Qa6 Qd2+ 44. Kf1 Qd1+ 45. Kf2 Qd2+ 1/2-1/2

[Event "O pohár města Říčany 2017"]
[Site "Kulturni centrum Labut, 17. Listopadu 214 25101 Ricany"]
[Date "2017.08.29"]
[Round "5.18"]
[White "Steiner, Juraj"]
[Black "Koper, Stefan"]
[Result "1-0"]
[WhiteElo "2022"]
[BlackElo "1932"]
[PlyCount "0"]
[EventDate "2017.08.26"]

1. d4 Nf6 2. c4 e6 3. Nc3 d5 4. cxd5 exd5 5. Bg5 Be7 6. Qc2 c6 7. e3 h6 8.
Bh4 O-O 9. Bd3 Nbd7 10. Nge2 Re8 11. O-O Nf8 12. f3 N6h7 13. Bxe7 Qxe7 14. e4
dxe4 15. fxe4 Nf6 16. Ng3 Ng4 17. Rf3 Qd6 18. Nce2 Ne6 19. e5 Nxd4 20. exd6
Nxc2 21. Bxc2 Ne5 22. Rf4 Be6 23. Nd4 Bd5 24. Ndf5 Ng6 25. Rf2 Be6 26. Bb3
Rad8 27. Rd2 Nf4 28. Rd4 Nd5 29. Bxd5 cxd5 30. Rf4 Kh7 31. Nh5 Bxf5 32. Rxf5
Kg6 33. Rxd5 Rd7 34. Rad1 Re4 35. Rc5 Re8 36. Kf2 Red8 37. Rcd5 f6 38. R1d4
Kf7 39. Nf4 g5 40. Nd3 b6 41. Kf3 Ke6 42. Kg4 h5+ 43. Kxh5 Rh8+ 44. Kg4 Rxh2
45. Kg3 Rh8 46. Nb4 f5 47. Kf2 Rf8 48. Rd2 a5 49. Re2+ Kf6 50. Nc6 f4 {dale necitelne} 1-0

[Event "O pohár města Říčany 2017"]
[Site "Kulturni centrum Labut, 17. Listopadu 214 25101 Ricany"]
[Date "2017.08.29"]
[Round "5.19"]
[White "Rastocny, Josef"]
[Black "Cermak, Jan"]
[Result "1/2-1/2"]
[WhiteElo "2008"]
[BlackElo "1904"]
[PlyCount "0"]
[EventDate "2017.08.26"]

1. d4 d5 2. c4 c6 3. Nc3 Nf6 4. Bg5 e6 5. Nf3 Nbd7 6. e3 Bd6 7. Rc1 O-O 8. Qc2
b6 9. cxd5 cxd5 10. Bd3 h6 11. Bh4 Bb7 12. O-O Rc8 13. Qa4 a6 14. Bb1 b5 15. Qd1
Qb6 16. Ne2 Ne4 1/2-1/2

[Event "O pohár města Říčany 2017"]
[Site "Kulturni centrum Labut, 17. Listopadu 214 25101 Ricany"]
[Date "2017.08.29"]
[Round "5.20"]
[White "Stanek, Ondrej"]
[Black "Blumel, Otto"]
[Result "1/2-1/2"]
[WhiteElo "1885"]
[BlackElo "2002"]
[PlyCount "0"]
[EventDate "2017.08.26"]

1. e4 c5 2. Nf3 Nf6 3. e5 Nd5 4. Nc3 e6 5. Nxd5 exd5 6. d4 d6 7. Bb5+ Nc6
8. O-O a6 9. Bxc6+ bxc6 10. Re1 Be7 11. exd6 Qxd6 12. Qe2 Be6 13. dxc5 Qxc5
14. c3 O-O 15. Nd4 Bd7 16. Be3 Qd6 17. Nb3 Qg6 18. Bc5 Bh3 19. Qf3 Bg4 20. Qg3
Bxc5 21. Nxc5 a5 22. f3 Bf5 23. Qxg6 hxg6 24. g4 Bc8 25. Re7 Rb8 26. Rb1 Rb5
27. b4 Rd8 28. a3 axb4 29. cxb4 Rb6 30. Rbe1 Be6 31. Kf2 Ra8 32. Re3 d4 33. Rd3
Bd5 34. g5 Rbb8 35. Nd7 Rd8 36. f4 Be6 37. Rxd4 Kh8 38. Rd3 Bf5 1/2-1/2

[Event "O pohár města Říčany 2017"]
[Site "Kulturni centrum Labut, 17. Listopadu 214 25101 Ricany"]
[Date "2017.08.29"]
[Round "5.21"]
[White "Stork, Rostislav"]
[Black "Postupa, Pavel"]
[Result "0-1"]
[WhiteElo "1764"]
[BlackElo "1984"]
[PlyCount "0"]
[EventDate "2017.08.26"]

1. e4 c5 2. d3 Nc6 3. Nf3 g6 4. g3 d5 5. Nbd2 Bg7 6. Bg2 e6 7. O-O Nge7 8. Re1
O-O 9. h3 b6 10. Qe2 Nb4 11. Nf1 dxe4 12. Qxe4 Rb8 13. Ne3 Bb7 14. Qh4 Ned5
15. Re2 Nxe3 16. fxe3 Bxf3 17. Qxd8 Bxe2 18. Qh4 Nxc2 19. Rb1 Bxd3 20. e4 Nd4
21. Ra1 f5 22. Bh6 Bxh6 23. Qxh6 fxe4 24. Re1 Nf3+ 25. Bxf3 Rxf3 26. Qg5 Rbf8
27. Qe5 Bc4 28. a3 e3 29. h4 Rf1+ 30. Rxf1 Rxf1+ 31. Kh2 e2 32. Qb8+ Rf8 33. Qe5
Rf5 34. Qb8+ Kg7 35. Qb7+ Kh6 36. Qe4 Rf2+ 37. Kh3 Rf1 38. Qe3+ Kg7 39. Qe5+ Kg8
40. Qb8+ Rf8 41. Qe5 Rd8 42. h5 gxh5 43. Qg5+ Kf7 44. Qxh5+ Ke7 45. Qxh7+ Kd6
46. Qe4 Kc7 47. b4 Rd1 48. Qe5+ Kc6 49. Qe4+ Kb5 50. Qa8 Ka4 0-1

[Event "O pohár města Říčany 2017"]
[Site "Kulturni centrum Labut, 17. Listopadu 214 25101 Ricany"]
[Date "2017.08.29"]
[Round "5.22"]
[White "Vavrinec, Tomas"]
[Black "Nemecek, Pavel"]
[Result "1/2-1/2"]
[WhiteElo "1960"]
[BlackElo "1750"]
[PlyCount "0"]
[EventDate "2017.08.26"]

1. Nf3 Nf6 2. c4 g6 3. g3 Bg7 4. Bg2 O-O 5. O-O d6 6. Nc3 c6 7. d3 Nbd7 8. Rb1
d5 9. cxd5 Nxd5 10. Bd2 N7b6 11. Qc2 Be6 12. Ne4 Nd7 13. Neg5 Bg4 14. h3 Bxf3
15. Nxf3 e5 16. b4 Rc8 17. Qb3 Re8 18. Ng5 N7f6 19. e4 h6 20. exd5 hxg5 21. dxc6
bxc6 22. Bxg5 Qd6 23. Rfc1 c5 24. bxc5 Rxc5 25. Rxc5 Qxc5 26. Qa4 Rd8 27. Be3
Qc3 28. Qxa7 Rxd3 29. a4 Nh5 30. Be4 Rd8 31. Bf3 Nf4 32. Qb6 Re8 33. gxf4 exf4
34. Qc5 fxe3 35. Qxc3 Bxc3 36. fxe3 Rxe3 37. Kg2 Be5 38. Rb5 f6 39. Rb7 Ra3
40. Bd5+ Kf8 41. Bb3 g5 42. Kf3 Ra1 43. Kg4 Rg1+ 44. Kf5 Rg3 45. a5 Rxh3 46. a6
Bd4 47. Kg6 g4 48. Be6 Ra3 49. Bc4 g3 50. Rf7+ Ke8 51. Bb5+ Kd8 52. Rd7+ Kc8
53. Rxd4 g2 54. Rg4 Ra5 55. Bc6 Rxa6 56. Bxg2 Kd7 57. Rb4 Kd6 58. Rb5 Ke7
59. Rb7+ Ke6 60. Rb5 Ke7 61. Bd5 Rd6 62. Kf5 Rd7 63. Ke4 Rc7 64. Rb6 Rd7
65. Re6+ Kf7 66. Ra6+ Kg7 67. Be6 Rc7 68. Bf5 Re7+ 69. Kf4 Rc7 70. Be4 Re7
71. Ra3 Rd7 72. Kf5 Rc7 73. Rg3+ Kf8 74. Rg4 Rg7 75. Rh4 Ke7 76. Bd5 Rg5+
77. Ke4 f5+ 78. Ke5 f4+ 79. Ke4 Kd6 80. Rh6+ Kc5 81. Rc6+ Kb5 82. Rf6 Kc5
83. Be6 Rg1 84. Rxf4 Re1+ 85. Kf5 Kd6 86. Rd4+ Kc5 87. Rd5+ Kc6 88. Rd2 Kc5
89. Bd5 Kd6 90. Be4+ Kc5 91. Ke5 Kc4 92. Rc2+ Kb3 93. Rc8 Kb4 94. Kd4 Rd1+
95. Bd3 Rh1 96. Rb8+ Ka5 97. Rb5+ Ka4 98. Rb2 Ka5 99. Be4 Rh4 100. Kc5 Rxe4
1/2-1/2

[Event "O pohár města Říčany 2017"]
[Site "Kulturni centrum Labut, 17. Listopadu 214 25101 Ricany"]
[Date "2017.08.29"]
[Round "5.23"]
[White "Skala, Jaromir"]
[Black "Paulovic, Milan"]
[Result "1-0"]
[WhiteElo "1942"]
[BlackElo "1781"]
[PlyCount "0"]
[EventDate "2017.08.26"]

1. d4 d5 2. Nf3 c6 3. g3 e6 4. Bg2 f5 5. O-O Nf6 6. b3 Bd6 7. c4 O-O 8. Ba3
Bxa3 9. Nxa3 Ne4 10. Nc2 Nd7 11. Nb4 Qe7 12. Nd3 g5 13. e3 Qg7 14. Qc1 Ndf6
15. c5 h5 16. h4 g4 17. Nfe5 Nd7 18. b4 Nxe5 19. Nxe5 Nf6 20. Qb2 Nd7 21. a4
Nxe5 22. dxe5 Qc7 23. Qd4 Kh7 24. Rfc1 a5 25. b5 Bd7 26. Bf1 Rfb8 27. Bd3 Qd8
28. Kf1 Qe7 29. Ke2 Kg7 30. Rab1 Qd8 31. bxc6 bxc6 32. Rb6 Rxb6 33. cxb6 Rb8
34. Rb1 Qe7 35. Qc3 c5 36. Qxa5 c4 37. Bc2 Bc6 38. Qb4 Qxb4 39. Rxb4 Ra8 40. Kd2
Bb7 41. Kc3 Ra5 42. Rb1 Kf7 43. Kb4 Ra6 44. a5 Ke7 45. Ba4 Ra8 46. Bb5 Kd8
47. Ra1 Ba6 48. Bxa6 Rxa6 49. Kb5 Ra8 50. a6 Kd7 51. b7 Rb8 52. Kb6 1-0

[Event "O pohár města Říčany 2017"]
[Site "Kulturni centrum Labut, 17. Listopadu 214 25101 Ricany"]
[Date "2017.08.29"]
[Round "5.24"]
[White "Skacel, Jan"]
[Black "Konvalinka, Vladislav"]
[Result "0-1"]
[WhiteElo "1991"]
[BlackElo "1764"]
[PlyCount "0"]
[EventDate "2017.08.26"]

1. c4 Nf6 2. Nc3 c6 3. Nf3 d5 4. e3 e6 5. d4 Nbd7 6. Qc2 Bd6 7. b3 O-O 8. Bb2
Re8 9. Be2 Nf8 10. O-O Ng6 11. Rfe1 Be7 12. e4 Bb4 13. e5 Ne4 14. Bd3 Bxc3
15. Bxc3 Nxc3 16. Qxc3 Qe7 17. c5 Nf4 18. Bf1 Ng6 19. g3 Rf8 20. Qe3 b6 21. Rac1
b5 22. Nd2 a5 23. a3 f5 24. exf6 Qxf6 25. f4 Ne7 26. Nf3 Nf5 27. Rcd1 Nxe3
28. Rxe3 h5 29. Re5 Qg6 30. Bd3 Qe8 {dale necitelne} 0-1

[Event "O pohár města Říčany 2017"]
[Site "Kulturni centrum Labut, 17. Listopadu 214 25101 Ricany"]
[Date "2017.08.29"]
[Round "5.25"]
[White "Vilimova, Julie"]
[Black "Hadrava, Jaroslav"]
[Result "1-0"]
[WhiteElo "1741"]
[BlackElo "1964"]
[PlyCount "0"]
[EventDate "2017.08.26"]

1. d4 d5 2. Nf3 Nc6 3. Bf4 Nf6 4. e3 g6 5. c3 a6 6. Bd3 Bg7 7. Qc2 O-O 8. Nbd2
Bd7 9. h3 b5 10. e4 dxe4 11. Nxe4 Nd5 12. Bg3 Bf5 13. O-O Nb6 14. Rfe1 Ra7
15. Nh4 Be6 16. Nc5 Bd5 17. Nf3 Nd7 18. Nb3 Bxf3 19. gxf3 e6 20. a4 b4 21. Be4
Ndb8 22. cxb4 Nxd4 23. Qc5 Nxb3 24. Qxa7 Nxa1 25. Rxa1 Bxb2 26. Rb1 Bd4 27. Qxc7
Qg5 28. Rd1 e5 29. Kh1 Qf6 30. Qb7 Qe6 31. Kg2 Qc8 32. Qxc8 Rxc8 33. b5 axb5
34. axb5 Rc5 35. b6 f5 36. Ba8 Rb5 37. b7 f4 38. Bxf4 exf4 39. Rxd4 Nc6 40. Rc4
Ne7 41. Rc8+ Kg7 42. b8=Q Rxb8 43. Rxb8 Nf5 44. Be4 Nd6 45. Rd8 Nc4 46. Bd3 Ne5
47. h4 Kh6 48. Rd5 Nc6 49. Rc5 Ne7 50. Kh3 Ng8 51. Kg4 Nf6+ 52. Kxf4 Nd7 53. Rc6
Kh5 54. Rd6 Nf8 55. Kg3 h6 56. Rf6 g5 57. hxg5 Nd7 58. Rxh6+ Kxg5 59. Rg6+ Kh5
60. Rd6 Nf8 61. Kf4 1-0

[Event "O pohár města Říčany 2017"]
[Site "Kulturni centrum Labut, 17. Listopadu 214 25101 Ricany"]
[Date "2017.08.29"]
[Round "5.26"]
[White "Pavlicek, Petr"]
[Black "Skrabanek, Matej"]
[Result "1-0"]
[WhiteElo "1923"]
[BlackElo "1600"]
[PlyCount "0"]
[EventDate "2017.08.26"]

1. d4 Nf6 2. c4 g6 3. g3 Bg7 4. Bg2 O-O 5. Nc3 d6 6. Nf3 Nbd7 7. O-O e5 8. e4
Ne8 9. Re1 Nb6 10. Qd3 Be6 11. b3 f5 12. Ng5 Bc8 13. dxe5 Bxe5 14. c5 Qf6
15. Bb2 dxc5 16. Nd5 Qxg5 17. Bxe5 Qd8 18. Rad1 Nxd5 19. exd5 Nd6 20. Bb2 Kf7
21. Qc3 Rg8 22. Qxc5 Bd7 23. Rc1 Rc8 24. Qd4 b6 25. Re3 Nb5 26. Qe5 Qe8 27. Qf6#
1-0

[Event "O pohár města Říčany 2017"]
[Site "Kulturni centrum Labut, 17. Listopadu 214 25101 Ricany"]
[Date "2017.08.29"]
[Round "5.27"]
[White "Nemcova, Kamila"]
[Black "Vlkova, Anezka"]
[Result "1-0"]
[WhiteElo "1908"]
[BlackElo "1914"]
[PlyCount "0"]
[EventDate "2017.08.26"]

1. e4 c5 2. Nf3 d6 3. d4 cxd4 4. Nxd4 Nf6 5. Nc3 g6 6. Be3 Bg7 7. f3 O-O 8. Qd2
Nc6 9. O-O-O Nxd4 10. Bxd4 Be6 11. Kb1 Qc7 12. g4 Rfc8 13. h4 Qa5 14. a3 Rab8
15. h5 b5 16. hxg6 fxg6 17. Bxf6 Bxf6 18. Nd5 Qa4 19. Nxf6+ exf6 20. Qh2 Rb7
21. Rxd6 b4 22. Ba6 bxa3 23. Bxb7 Ba2+ 24. Kxa2 axb2+ 25. Kxb2 Qb4+ 26. Kc1 Qa3+
27. Kd1 Qa1+ 28. Ke2 Rxc2+ 29. Rd2 Rxd2+ 30. Kxd2 Qb2+ 31. Ke3 Qc3+ 32. Kf2 Qc2+
33. Kg3 Qc7+ 34. Kh3 Qxb7 35. Qa2+ Kg7 36. Ra1 Kh6 37. Qxa7 Qb3 38. Qf2 g5
39. Ra6 Kg6 40. e5 1-0

[Event "O pohár města Říčany 2017"]
[Site "Kulturni centrum Labut, 17. Listopadu 214 25101 Ricany"]
[Date "2017.08.29"]
[Round "5.28"]
[White "Grecny, Karol"]
[Black "Matys, Jakub"]
[Result "0-1"]
[WhiteElo "1926"]
[BlackElo "1727"]
[PlyCount "0"]
[EventDate "2017.08.26"]

1. e4 c5 2. Nf3 d6 3. d4 cxd4 4. Nxd4 Nf6 5. Bd3 e6 6. O-O Be7 7. Nc3 O-O
8. Be3 Bd7 9. f4 Nc6 10. Nb3 Na5 11. e5 Nxb3 12. exf6 Bxf6 13. axb3 Qc7 14. f5
0-1

[Event "O pohár města Říčany 2017"]
[Site "Kulturni centrum Labut, 17. Listopadu 214 25101 Ricany"]
[Date "2017.08.29"]
[Round "5.29"]
[White "Benes, Karel"]
[Black "Straka, Jaroslav"]
[Result "1-0"]
[WhiteElo "1706"]
[BlackElo "1897"]
[PlyCount "0"]
[EventDate "2017.08.26"]

1. Nf3 d5 2. d3 Bg4 3. Nbd2 Nf6 4. g3 c6 5. b3 Nbd7 6. Bb2 Qc7 7. Bg2 e5 8.
O-O Bd6 9. e4 dxe4 10. dxe4 Nb6 11. Qe2 O-O 12. Rad1 Qe7 13. Rfe1 Rfe8 14.
Qf1 Nfd7 15. Bh3 Bxh3 16. Qxh3 Ba3 17. Ba1 f6 18. Qf1 Qf7 19. Qh3 Nf8 20. Qf1
a5 21. Qe2 a4 22. Qe3 Nfd7 23. Qe2 axb3 24. axb3 Bf8 25. Rb1 Nc5 26. Bc3 Ra2
27. Rec1 Qc7 28. Ra1 Raa8 29. Nc4 Ne6 30. Ba5 Bc5 31. b4 Nd4 32. Qd3 Nxf3+
33. Qxf3 Rxa5 34. Nxa5 Bxb4 35. Qb3+ Nd5 36. exd5 Bxa5 37. d6+ 1-0

[Event "O pohár města Říčany 2017"]
[Site "Kulturni centrum Labut, 17. Listopadu 214 25101 Ricany"]
[Date "2017.08.29"]
[Round "5.30"]
[White "Pokorny, Jan"]
[Black "Hlavacek, Ondrej"]
[Result "1/2-1/2"]
[WhiteElo "1889"]
[BlackElo "1773"]
[PlyCount "0"]
[EventDate "2017.08.26"]

1. c4 c5 2. g3 Nc6 3. Bg2 g6 4. Nc3 Bg7 5. e3 e6 6. Nge2 Nge7 7. O-O O-O 8. d4
cxd4 9. Nxd4 Nxd4 10. exd4 e5 11. dxe5 Bxe5 12. Be3 d6 13. Qb3 Be6 14. Qxb7 Qb6
1/2-1/2

[Event "O pohár města Říčany 2017"]
[Site "Kulturni centrum Labut, 17. Listopadu 214 25101 Ricany"]
[Date "2017.08.29"]
[Round "5.31"]
[White "Nemecek, Lukas"]
[Black "Korsa, Jiri"]
[Result "1/2-1/2"]
[WhiteElo "1632"]
[BlackElo "1820"]
[PlyCount "0"]
[EventDate "2017.08.26"]

1. e4 e5 2. Nf3 Nc6 3. d4 exd4 4. Bc4 Nf6 5. O-O Nxe4 6. Re1 d5 7. Bxd5 Qxd5
8. Nc3 Qd8 9. Nxe4 Be7 10. Bf4 O-O 11. a3 Bg4 12. h3 Bh5 13. Qd3 Qd7 14. Rad1
Rad8 15. Rd2 Bg6 16. Qe2 Rfe8 17. Qb5 Bxe4 18. Rxe4 Bd6 19. Rxe8+ Qxe8 20. Bxd6
cxd6 21. Qxb7 Rb8 22. Qc7 Rxb2 23. Qxd6 Rb1+ 24. Kh2 Qb8 25. Qxb8+ Rxb8 26. Nxd4
Rd8 27. Nb3 Rxd2 28. Nxd2 Kf8 29. Kg3 Ke7 30. Kf4 Ke6 31. Ke4 Kd6 32. Nb3 a5
33. Nd4 Ne7 34. a4 Kc5 35. Kd3 Nd5 36. Ne2 Nb6 37. Nd4 Nc4 38. Nb3+ Kb4 39. Nd4
1/2-1/2

[Event "O pohár města Říčany 2017"]
[Site "Kulturni centrum Labut, 17. Listopadu 214 25101 Ricany"]
[Date "2017.08.29"]
[Round "5.32"]
[White "Havelka, Petr"]
[Black "Otrubova, Kristyna"]
[Result "1/2-1/2"]
[WhiteElo "1818"]
[BlackElo "1758"]
[PlyCount "0"]
[EventDate "2017.08.26"]

1. d4 Nf6 2. c4 g6 3. Nf3 Bg7 4. e4 d6 5. Nc3 O-O 6. Be2 Nbd7 7. O-O e5 8. h3
Re8 9. d5 Nc5 10. Qc2 a5 11. Be3 b6 12. a3 a4 13. Nd2 Bd7 14. Rae1 Rf8 15. Kh2
Ne8 16. f4 exf4 17. Bxf4 f5 18. Be3 Nf6 19. exf5 Bxf5 20. Qd1 Qd7 21. g4 Bd3
22. Bxc5 Bxe2 23. Qxe2 1/2-1/2